000
00315nam a22001217a 4500
020
_a
07-094283-8
082
_a
621.381 MOR
100
_a
MORRIS,N.M
_9
10761
245
_a
SOLVED PROBLEMS IN INDUSTRIAL ELECTRONICS A SELF-TUTOR FOR STUDENTS
260
_a
NEW YORK
_b
MCGRAW HILL
_c
1972
300
_a
193P
942
_c
BK
999
_c
583665
_d
583665